| 000 -ლიდერი |
| ფიქსირებული სიგრძის საკონტროლო ველი |
00759nam a22001697a 4500 |
| 003 - საკონტროლო ნომრის იდენტიფიკატორი |
| საკონტროლო ველი |
Ge_BSU |
| 005 - ბოლო ოპერაციის თარიღი და დრო |
| საკონტროლო ველი |
20260209171244.0 |
| 008 - ფიქსირებული სიგრძის მონაცემთა ელემენტები - ზოგადი ინფორმაცია |
| ფიქსირებული სიგრძის საკონტროლო ველი |
260209s1931 ge ||||| |||| 00| 0 geo d |
| 041 ## - ენის კოდი |
| Language code of text/sound track or separate title |
geo |
| 080 ## - უნივერსალური ათობითი კლასიფიკაციის ინდექსი |
| Universal Decimal Classification number |
329.150.7 :330.1 მ-44 |
| 100 ## - მთავარი ჩანაწერი - პიროვნების სახელი |
| Personal name |
მახარაძე, ფილიპე |
| 9 (RLIN) |
26848 |
| 245 ## - ცნობა სათაურის შესახებ |
| Title |
თხზულებათა კრებული : |
| Remainder of title |
ტ. 8. ეკონომიური საკითხები / |
| Statement of responsibility, etc |
ფილიპე მახარაძე. |
| 264 ## - წარმოების, გამოცემის, დისტრიბუციის და სხვა ცნობები |
| გამოცემის, წარმოების, დისტრიბუციის... ადგილი |
თფილისი : |
| გამოცემის, წარმოების, დისტრიბუციის... სახელწოდება |
ს.ს.ს.რ. სახელმწიფო გამომცემლობა, |
| გამოცემის, წარმოების, დისტრიბუციის... თარიღი |
1931. |
| 300 ## - ფიზიკური აღწერა |
| Extent |
316 გვ.; |
| Other physical details |
25 სმ. |
| 653 ## - INDEX TERM--UNCONTROLLED |
| Uncontrolled term |
ეკონომიური საკითხები |
| 942 ## - ADDED ENTRY ELEMENTS (KOHA) |
| Source of classification or shelving scheme |
|
| Koha item type |
წიგნი |